Gaming Quiz

Random Gaming or Pokémon Quiz

Final Level-Up Moves of R/B Pokémon Quiz Stats

 Plays Quiz not verified by Sporcle

Score 0/137 Timer 07:00
0 Plays Today
Pokémon Move % Correct
Squirtle: Lv.42Hydro Pump
96.6%
Wartortle: Lv.47Hydro Pump
96.6%
Blastoise: Lv.52Hydro Pump
96.6%
Psyduck: Lv.52Hydro Pump
96.6%
Golduck: Lv.59Hydro Pump
96.6%
Poliwag: Lv.45Hydro Pump
96.6%
Poliwhirl: Lv.49Hydro Pump
96.6%
Tentacool: Lv.48Hydro Pump
96.6%
Tentacruel: Lv.50Hydro Pump
96.6%
Horsea: Lv.45Hydro Pump
96.6%
Seadra: Lv.52Hydro Pump
96.6%
Staryu: Lv.47Hydro Pump
96.6%
Lapras: Lv.46Hydro Pump
96.6%
Vaporeon: Lv.54Hydro Pump
96.6%
Omanyte: Lv.49Hydro Pump
96.6%
Omastar: Lv.53Hydro Pump
96.6%
Kabuto: Lv.49Hydro Pump
96.6%
Kabutops: Lv.53Hydro Pump
96.6%
Bulbasaur: Lv.48Solar Beam
95.7%
Ivysaur: Lv.54Solar Beam
95.7%
Venusaur: Lv.65Solar Beam
95.7%
Oddish: Lv.46Solar Beam
95.7%
Gloom: Lv.52Solar Beam
95.7%
Exeggcute: Lv.42Solar Beam
95.7%
Venonat: Lv.43Psychic
92.9%
Venomoth: Lv.50Psychic
92.9%
Slowpoke: Lv.48Psychic
92.9%
Slowbro: Lv.55Psychic
92.9%
Mew: Lv.40Psychic
92.9%
Pikachu: Lv.43Thunder
92.7%
Electabuzz: Lv.54Thunder
92.7%
Jolteon: Lv.54Thunder
92.7%
Growlithe: Lv.50Flamethrower
91.9%
Magmar: Lv.55Flamethrower
91.9%
Flareon: Lv.54Flamethrower
91.9%
Caterpie: Lv.-Tackle, String Shot
90.6%
Metapod: Lv.-Harden
90.1%
Kakuna: Lv.-Harden
90.1%
Onix: Lv.43Harden
90.1%
Kingler: Lv.49Harden
90.1%
Diglett: Lv.40Earthquake
88.2%
Dugtrio: Lv.47Earthquake
88.2%
Weedle: Lv.-Poison Sting, String Shot
88%
Charmander: Lv.46Fire Spin
83.3%
Charmeleon: Lv.56Fire Spin
83.3%
Charizard: Lv.55Fire Spin
83.3%
Pokémon Move % Correct
Vulpix/Ninetales: Lv.42Fire Spin
83.3%
Gyarados: Lv.52Hyper Beam
81.4%
Aerodactyl: Lv.54Hyper Beam
81.4%
Snorlax: Lv.56Hyper Beam
81.4%
Dratini: Lv.50Hyper Beam
81.4%
Dragonair: Lv.55Hyper Beam
81.4%
Dragonite: Lv.60Hyper Beam
81.4%
Magikarp: Lv.15Tackle
81.2%
Abra: Lv.-Teleport
78.8%
Seel: Lv.50Ice Beam
77.9%
Dewgong: Lv.56Ice Beam
77.9%
Shellder: Lv.50Ice Beam
77.9%
Geodude: Lv.36Explosion
76.9%
Graveler/Golem: Lv.43Explosion
76.9%
Voltorb: Lv.43Explosion
76.9%
Electrode: Lv.50Explosion
76.9%
Koffing/Weezing: Lv.53Explosion
76.9%
Meowth: Lv.44Slash
76.4%
Persian: Lv.51Slash
76.4%
Farfetch'd: Lv.39Slash
76.4%
Jynx: Lv.58Blizzard
76.4%
Butterfree: Lv.32Psybeam
75.2%
Ditto: Lv.-Transform
73.9%
Moltres: Lv.60Sky Attack
69.6%
Pidgey: Lv.44Mirror Move
69.4%
Pidgeotto: Lv.47Mirror Move
69.4%
Pidgeot: Lv.54Mirror Move
69.4%
Beedrill: Lv.35Agility
69.2%
Rattata: Lv.34Super Fang
69.2%
Raticate: Lv.41Super Fang
69.2%
Spearow: Lv.36Agility
69.2%
Fearow: Lv.43Agility
69.2%
Ponyta: Lv.48Agility
69.2%
Rapidash: Lv.55Agility
69.2%
Doduo: Lv.44Agility
69.2%
Dodrio: Lv.51Agility
69.2%
Goldeen/Seaking: Lv.54Agility
69.2%
Scyther: Lv.42Agility
69.2%
Gastly: Lv.35Dream Eater
64.2%
Haunter/Gengar: Lv.38Dream Eater
64.2%
Hitmonlee: Lv.53Mega Kick
61.9%
Nidoking: Lv.23Thrash
61.2%
Mankey: Lv.39Thrash
61.2%
Primeape: Lv.46Thrash
61.2%
Cubone: Lv.38Thrash
61.2%
Marowak: Lv.41Thrash
61.2%
Pokémon Move % Correct
Nidoqueen: Lv.23Body Slam
60.4%
Machop: Lv.46Submission
59.7%
Machoke/Machamp: Lv.52Submission
59.7%
Ekans: Lv.38Acid
58.9%
Arbok:Lv.47Acid
58.9%
Jigglypuff: Lv.39Double-Edge
58.2%
Chansey: Lv.54Double-Edge
58.2%
Rhyhorn: Lv.55Take Down
58%
Rhydon: Lv.64Take Down
58%
Tauros: Lv.51Take Down
58%
Eevee: Lv.45Take Down
58%
Clefairy: Lv.48Light Screen
57.4%
Kadabra/Alakazam: Lv.42Reflect
57.4%
Zapdos: Lv.60Light Screen
57.4%
Porygon: Lv.42Tri Attack
54.2%
Exeggutor: Lv.28Stomp
54%
Zubat: Lv.36Haze
53.7%
Golbat: Lv.43Haze
53.7%
Krabby: Lv.35Crabhammer
52.7%
Articuno: Lv.60Mist
50.5%
Mewtwo: Lv.81Amnesia
49.5%
Nidoran (F): Lv.43Double Kick
49.3%
Nidorina: Lv.50Double Kick
49.3%
Nidoran (M): Lv.43Double Kick
49.3%
Nidorino: Lv.50Double Kick
49.3%
Grimer: Lv.55Acid Armor
48.2%
Muk: Lv.60Acid Armor
48.2%
Bellsprout: Lv.42Slam
47.1%
Weepinbell: Lv.49Slam
47.1%
Hitmonchan: Lv.53Counter
46.9%
Kangaskhan: Lv.46Dizzy Punch
43.9%
Pinsir: Lv.54Swords Dance
43%
Starmie: Lv.37Confuse Ray
40.5%
Sandshrew: Lv.38Fury Swipes
39%
Sandslash: Lv.47Fury Swipes
39%
Cloyster: Lv.41Spike Cannon
38.3%
Magnemite: Lv.47Screech
37.7%
Magneton: Lv.54Screech
37.7%
Lickitung: Lv.39Screech
37.7%
Paras: Lv.41Growth
37%
Parasect: Lv.48Growth
37%
Tangela: Lv.49Growth
37%
Mr. Mime: Lv.47Substitute
33.6%
Drowzee: Lv.37Meditate
30.6%
Hypno: Lv.43Meditate
30.6%

You're not logged in!

Compare scores with friends on all Sporcle quizzes.
OR
Log In

Show Comments

Extras

Created Nov 23, 2010SourceReportNominate
Tags:Pokémon Quiz, blue, final, red

Top Quizzes Today


Score Distribution

Your Account Isn't Verified!

In order to create a playlist on Sporcle, you need to verify the email address you used during registration. Go to your Sporcle Settings to finish the process.

Report this User

Report this user for behavior that violates our Community Guidelines.

Details: